<?xml version="1.0" encoding="UTF-8"?><?xml-stylesheet type="text/xsl" href="static/style.xsl"?><OAI-PMH xmlns="http://www.openarchives.org/OAI/2.0/" xmlns:xsi="http://www.w3.org/2001/XMLSchema-instance" xsi:schemaLocation="http://www.openarchives.org/OAI/2.0/ http://www.openarchives.org/OAI/2.0/OAI-PMH.xsd"><responseDate>2026-05-14T06:37:46Z</responseDate><request verb="GetRecord" identifier="oai:riubu.ubu.es:10259/9995" metadataPrefix="marc">https://riubu.ubu.es/oai/request</request><GetRecord><record><header><identifier>oai:riubu.ubu.es:10259/9995</identifier><datestamp>2025-01-23T01:05:25Z</datestamp><setSpec>com_10259_6475</setSpec><setSpec>com_10259_5086</setSpec><setSpec>com_10259_2604</setSpec><setSpec>col_10259_7957</setSpec></header><metadata><record xmlns="http://www.loc.gov/MARC21/slim" xmlns:doc="http://www.lyncode.com/xoai" xmlns:xsi="http://www.w3.org/2001/XMLSchema-instance" xmlns:dcterms="http://purl.org/dc/terms/" xsi:schemaLocation="http://www.loc.gov/MARC21/slim http://www.loc.gov/standards/marcxml/schema/MARC21slim.xsd">
<leader>00925njm 22002777a 4500</leader>
<datafield tag="042" ind1=" " ind2=" ">
<subfield code="a">dc</subfield>
</datafield>
<datafield tag="720" ind1=" " ind2=" ">
<subfield code="a">Caballero Lozano, José María</subfield>
<subfield code="e">author</subfield>
</datafield>
<datafield tag="260" ind1=" " ind2=" ">
<subfield code="c">2024-10</subfield>
</datafield>
<datafield tag="520" ind1=" " ind2=" ">
<subfield code="a">La posición del agricultor en la cadena alimentaria es objeto de protección mediante el establecimiento de infracciones y sanciones en relación a los comportamientos contrarios a la buena fe y equilibrio de las prestaciones observados en ocasiones por la industria alimentaria. Pero, además, existen otros medios de protección, ofrecidos por el Derecho privado, que no gozan de tanto conocimiento por parte de los interesados y que, sin embargo, están llamados a tener una efectividad práctica igual o mayor que las infracciones y sanciones previstas por las disposiciones de Derecho público. Son dos vías de protección que puede utilizar el empresario agrario para la defensa de sus intereses.</subfield>
</datafield>
<datafield tag="024" ind2=" " ind1="8">
<subfield code="a">1575-1198</subfield>
</datafield>
<datafield tag="024" ind2=" " ind1="8">
<subfield code="a">http://hdl.handle.net/10259/9995</subfield>
</datafield>
<datafield tag="024" ind2=" " ind1="8">
<subfield code="a">10.24197/reeap.263.2024.198-259</subfield>
</datafield>
<datafield tag="024" ind2=" " ind1="8">
<subfield code="a">2605-0323</subfield>
</datafield>
<datafield ind1=" " ind2=" " tag="653">
<subfield code="a">Contratos agroindustriales</subfield>
</datafield>
<datafield ind1=" " ind2=" " tag="653">
<subfield code="a">Cadena alimentaria</subfield>
</datafield>
<datafield ind1=" " ind2=" " tag="653">
<subfield code="a">Condiciones generales de la contratación</subfield>
</datafield>
<datafield ind1=" " ind2=" " tag="653">
<subfield code="a">Nulidad de contrato</subfield>
</datafield>
<datafield ind1=" " ind2=" " tag="653">
<subfield code="a">Agroindustrial contracts</subfield>
</datafield>
<datafield ind1=" " ind2=" " tag="653">
<subfield code="a">Food chain</subfield>
</datafield>
<datafield ind1=" " ind2=" " tag="653">
<subfield code="a">General contracting conditions</subfield>
</datafield>
<datafield ind1=" " ind2=" " tag="653">
<subfield code="a">Nullity of the contract</subfield>
</datafield>
<datafield tag="245" ind1="0" ind2="0">
<subfield code="a">¿Sanciones o reparación en los contratos agroindustriales en perjuicio del empresario agrario?</subfield>
</datafield>
</record></metadata></record></GetRecord></OAI-PMH>